000 00431nam a2200181Ia 4500
001 10411
005 20260306161830.0
008 260306t2010||||xx |||||||||||||| ||spa||
041 _aESP
082 _a923.3982
_bV63
100 _aVidela, Ludovico
_eAUT
245 0 _aRaúl Prebisch:
_bsu vida y su obra
260 _c2010
300 _a300 páginas :
_c24 cm.
650 _aGEN
654 _aCHU
942 _cLIB
_dJUS
_fJUS
_2ddc
_n
999 _c10411
_d10411